<?xml version="1.0" encoding="UTF-8"?>
<record
    xmlns:xsi="http://www.w3.org/2001/XMLSchema-instance"
    xsi:schemaLocation="http://www.loc.gov/MARC21/slim http://www.loc.gov/standards/marcxml/schema/MARC21slim.xsd"
    xmlns="http://www.loc.gov/MARC21/slim">

  <leader>01512cam a2200253 a 4500</leader>
  <controlfield tag="005">20200104041548.0</controlfield>
  <controlfield tag="008">940324s1994    enk      b    001 0 eng  </controlfield>
  <datafield tag="020" ind1=" " ind2=" ">
    <subfield code="a">0415068614</subfield>
  </datafield>
  <datafield tag="040" ind1=" " ind2=" ">
    <subfield code="a">DLC</subfield>
    <subfield code="c">DLC</subfield>
    <subfield code="d">OrLoB</subfield>
    <subfield code="d">CO-BoIAVH</subfield>
  </datafield>
  <datafield tag="041" ind1="0" ind2=" ">
    <subfield code="a">eng</subfield>
  </datafield>
  <datafield tag="044" ind1=" " ind2=" ">
    <subfield code="a">enk</subfield>
  </datafield>
  <datafield tag="082" ind1="0" ind2="4">
    <subfield code="a">338.9</subfield>
    <subfield code="b">N83d</subfield>
  </datafield>
  <datafield tag="100" ind1="1" ind2=" ">
    <subfield code="a">Norgaard, Richard B.</subfield>
    <subfield code="d">1943-</subfield>
  </datafield>
  <datafield tag="245" ind1="1" ind2="0">
    <subfield code="a">Development betrayed :</subfield>
    <subfield code="b">the end of progress and a coevolutionary revisioning of the future /</subfield>
    <subfield code="c">Richard B. Norgaard</subfield>
  </datafield>
  <datafield tag="260" ind1=" " ind2=" ">
    <subfield code="a">Londres (Inglaterra) ;</subfield>
    <subfield code="a">Nueva York (EE.UU) :</subfield>
    <subfield code="b">Routledge,</subfield>
    <subfield code="c">1994.</subfield>
  </datafield>
  <datafield tag="300" ind1=" " ind2=" ">
    <subfield code="a">xiii, 280 p&#xE1;ginas ;</subfield>
    <subfield code="c">25 x 16 cm.</subfield>
  </datafield>
  <datafield tag="504" ind1=" " ind2=" ">
    <subfield code="a">Incluye referencias bibliogr&#xE1;ficas: p&#xE1;ginas 253-270 e &#xED;ndice.</subfield>
  </datafield>
  <datafield tag="505" ind1="0" ind2="0">
    <subfield code="g">1.</subfield>
    <subfield code="t">The Betrayal of Progress --</subfield>
    <subfield code="g">2.</subfield>
    <subfield code="t">The Challenge of Sustainability --</subfield>
    <subfield code="g">3.</subfield>
    <subfield code="t">Change as a Coevolutionary Process --</subfield>
    <subfield code="g">4.</subfield>
    <subfield code="t">A Coevolutionary Environmental History --</subfield>
    <subfield code="g">5.</subfield>
    <subfield code="t">The Illusions of Progress --</subfield>
    <subfield code="g">6.</subfield>
    <subfield code="t">The Philosophical Roots of the Betrayal --</subfield>
    <subfield code="g">7.</subfield>
    <subfield code="t">Two Maladaptive Determinisms --</subfield>
    <subfield code="g">8.</subfield>
    <subfield code="t">The Coevolutionary Process Elaborated --</subfield>
    <subfield code="g">9.</subfield>
    <subfield code="t">A Coevolutionary Cosmology --</subfield>
    <subfield code="g">10.</subfield>
    <subfield code="t">Coevolutionary Lessons from the Amazon --</subfield>
    <subfield code="g">11.</subfield>
    <subfield code="t">The Tyranny of Liberal Individualism --</subfield>
    <subfield code="g">12.</subfield>
    <subfield code="t">Democratizing Knowledge --</subfield>
    <subfield code="g">13.</subfield>
    <subfield code="t">Coevolving Discursive Communities --</subfield>
    <subfield code="g">14.</subfield>
    <subfield code="t">A Coevolving Cultural Patchwork Quilt --</subfield>
    <subfield code="g">15.</subfield>
    <subfield code="t">Progress Revisioned.</subfield>
  </datafield>
  <datafield tag="650" ind1="2" ind2="6">
    <subfield code="a">Desarrollo econ&#xF3;mico</subfield>
  </datafield>
  <datafield tag="650" ind1="2" ind2="6">
    <subfield code="a">Desarrollo econ&#xF3;mico</subfield>
    <subfield code="x">Aspectos ambientales</subfield>
  </datafield>
  <datafield tag="650" ind1="2" ind2="6">
    <subfield code="a">Desarrollo sostenible</subfield>
  </datafield>
  <datafield tag="650" ind1="2" ind2="6">
    <subfield code="a">Econom&#xED;a ambiental</subfield>
  </datafield>
  <datafield tag="942" ind1=" " ind2=" ">
    <subfield code="2">ddc</subfield>
    <subfield code="c">LIBRO</subfield>
  </datafield>
  <datafield tag="999" ind1=" " ind2=" ">
    <subfield code="c">4312</subfield>
    <subfield code="d">4312</subfield>
  </datafield>
  <datafield tag="952" ind1=" " ind2=" ">
    <subfield code="0">0</subfield>
    <subfield code="1">0</subfield>
    <subfield code="2">ddc</subfield>
    <subfield code="4">0</subfield>
    <subfield code="7">0</subfield>
    <subfield code="8">GENERAL</subfield>
    <subfield code="I">INV2017</subfield>
    <subfield code="a">Venado</subfield>
    <subfield code="b">Venado</subfield>
    <subfield code="d">2005-01-25</subfield>
    <subfield code="e">Instituto</subfield>
    <subfield code="g">39000.00</subfield>
    <subfield code="l">0</subfield>
    <subfield code="o">LB-338.9 N83d</subfield>
    <subfield code="p">017093</subfield>
    <subfield code="r">2012-12-04 00:00:00</subfield>
    <subfield code="t">Ej. 1</subfield>
    <subfield code="w">2012-12-04</subfield>
    <subfield code="x">Donacion</subfield>
    <subfield code="y">LIBRO</subfield>
  </datafield>
</record>
